000 00272nam a22000857a 4500
999 _c23633
_d23633
003 Nust
005 20170510170157.0
008 131220b xxu||||| |||| 00| 0 eng d
020 _a9698622
_cAvailable
040 _aDLC
_bDLC
_cRCMS
082 _a616.994 ABD
100 _aDr. Abdul Razaq Khan Zakir
_9340
245 _aSartan (Cancer) bachaoo kay tareqee (Urdu)
_cDr Abdul Razaq Khan Zakir
260 _aRawalpindi: .
_bGateways Printers
300 _a199 p. ;
_bill:
_c24, cm.
538 _iShelf # 13, Row # 1, Fiction.
650 _aCancer--Nutritional aspects.
_9341
856 _3Table of Content Only
942 _2ddc
_cFIC